OPAC Home

එමා බොවාරි (Record no. 40726)

MARC details
000 -LEADER
fixed length control field 00539nam a2200193Ia 4500
008 - FIXED-LENGTH DATA ELEMENTS--GENERAL INFORMATION
fixed length control field 120917t1993 xxu||||| |||| 00| 0 sin d
041 ## - LANGUAGE CODE
Language code of text/sound track or separate title Sinhala; Sinhalese
080 ## - UNIVERSAL DECIMAL CLASSIFICATION NUMBER
Universal Decimal Classification number 8 - 31 (Pransa)
Item number FLA
942 ## - ADDED ENTRY ELEMENTS (KOHA)
Koha item type Books
003 - CONTROL NUMBER IDENTIFIER
control field LK-CoDNM
040 ## - CATALOGING SOURCE
Original cataloging agency LK-CoDNM
Modifying agency LK-CoDNM
Description conventions LK-CoDNM
100 ## - MAIN ENTRY--PERSONAL NAME
Personal name Flaubert,Gustave
700 ## - ADDED ENTRY--PERSONAL NAME
Personal name Perera,Cyril C.
Relator term translater
245 ## - TITLE STATEMENT
Title එමා බොවාරි
246 ## - VARYING FORM OF TITLE
Title proper/short title Emma Bovary
260 ## - PUBLICATION, DISTRIBUTION, ETC. (IMPRINT)
Place of publication, distribution, etc. Pradeepa
-- Colombo
Date of publication, distribution, etc. 1993
300 ## - PHYSICAL DESCRIPTION
Other physical details 383p, 21 cm
500 ## - GENERAL NOTE
General note Sinhalese Translation of Gustave Flaubert's of Madame Bovary
Holdings
Withdrawn status Lost status Damaged status Not for loan Collection code Permanent Location Current Location Date acquired Full call number Barcode Koha item type
        Translation Library National Museum Colombo - Sri Lanka Library National Museum Colombo - Sri Lanka 2012-09-17 8 - 31 (Pransa) FLA 143143 Books
Copyright © 2023 Department of National Museum, Colombo 07, Sri Lanka Funded by UNESCO IFAP UNESCO